LDR 01116nam a2200241 i 4500 001 000000034649 003 CaOOAMICUS 005 20260410090546.0 008 981021s1980 it u000 u ita u 013 $a1378 040 $aSeMil$bita 240 10$aBibbia. Nuovo Testamento. Vangelo secondo Luca.$0(OLS)http://semarc/title/455085 245 10$aVangelo secondo Luca /$ccommento di Karl Heinrich Rengstorf ; edizione italiana a cura di Tommaso Federici. 490 0 $aNuovo Testamento ;$v3 650 4$aBibbia. Nuovo Testamento. Vangelo secondo Luca - Commentari, studi, critica, interpretazioni.$0(OLS)http://semarc/subject/142 700 1 $aFederici, Luigi Tommaso$b<1927-2002>.$0(OLS)http://semarc/name/1123 700 1 $aRengstorf, Karl Heinrich.$0(OLS)http://semarc/name/4544 830 0$aNuovo Testamento
;$v3.$0(OLS)http://semarc/title/459017 850 $aSeMil 852 $aSeMil$W1$xVenegono$y1$m2Z I 493$j228930$B804$CSeMilBibl$Z2$F804 $81 961 $aAcquisto: Casa editrice 996 $6245$aVangelo secondo Luca$9(OLS)http://semarc/title/14968